000 00892nas a2200289 4500
001 BR7406406
003 BR-BrBNA
005 20231205082744.0
007 ta
008 230509b bl.|||p| |||| 00| 00por d
040 _aBR-BrBNA
_bpor
_cBiblioteca Nacional de Agricultura
041 _a(Pt)
072 _aH20
100 1 _aLima, J.A.A.
100 1 _aMendes, C.
100 1 _aVasconcelos, I.
245 1 _aSintomatologia e controle da gomose dos citros causada por fungos do genero phytophthora [Brasil]
650 _aFRUTA CITRICA
650 _aGOMOSE
650 _aFUNGO
650 _aERRADICACAO
650 _aTRATAMENTO FITOSSANITARIO
650 _aCEARA
773 0 _tBoletim Tecnico - Departamento Nacional de Obras Contra as Secas (Brazil)
_xISSN 0374-6658
_g(Jan 1974), v. 32(1) p. 71-81
_wBR7406406
909 _a202311
_bLúcia
_c55
_dLúcia Elande
942 _2AGRIS
_n0
_cANA
999 _c94035
_d94035